Revista do programa de direito da Uniô Europeia Vol. 10

Detalles Bibliográficos
Formato: eBook
Lenguaje:portugués
Publicado: Rio de Janeiro: FGV - Direito Rio, 2019
Colección:Programa de Direito da Uniô Europeia
Materias:
Acceso en línea:Acceso restringido

MARC

LEADER 00000nam a22000007a 4500
005 20191025233639.0
007 cr|||| ||||
008 191025s2019 br |||||s|||| 00||0 por d
020 |a 978-85-9597-035-9 
035 |a 30283 
040 |a vLex 
090 |c 9980  |d 9980 
245 0 0 |a Revista do programa de direito da Uniô Europeia  |h [Recurso electrn̤ico] /  |n Vol. 10 
256 |a Servicio en ln̕ea 
260 |a Rio de Janeiro:  |b FGV - Direito Rio,  |c 2019 
300 |a 1 recurso electrn̤ico 
490 0 |a Programa de Direito da Uniô Europeia 
506 1 |a Disponible solo en los productos indicados  |d vLex Global  |d vLex Global (Academic Edition, excluding Law Schools)  |d vLex Global (U.S. Academic Edition, Law Schools)  |d vLex Global (U.S. Academic Edition, excluding Law Schools)  |d vLex Global (Academic Edition, Law Schools) 
650 0 4 |a Derecho Comunitario  |z Brasil 
740 0 |a vLex Libros (Servicio en ln̕ea) 
856 4 0 |u http://vlex.com/source/revista-programa-direito-uni-o-europeia-vol-10-30283  |z Acceso restringido 
942 |c BOOK 
999 0 |a Community Law